| 000 | 00931nam a22001817a 4500 | ||
|---|---|---|---|
| 003 | NUST | ||
| 005 | 20250826111333.0 | ||
| 008 | 220726b ||||| |||| 00| 0 eng d | ||
| 020 | _a9781980901754 | ||
| 082 | _a005.1, KIM | ||
| 100 |
_aKim, Peter _995201 |
||
| 245 |
_aThe Hacker Playbook 3 / _bPractical Guide To Penetration Testing _cby Peter Kim |
||
| 250 | _aRed Team Edition | ||
| 260 |
_aUSA _bSecure Planet _c2018 |
||
| 300 | _aix, 271: pages | ||
| 505 | _aPregame - The Setup (Page-1), Before the Snap - Red Team Recon (Page-23), The throw - Web Application Exploitation (Page-44), The Drive-Compromising the Network (Page-99), The Screen - Social Engineering (Page-173), The Onside Kick -Physical Attacks (Page-191), The Quarterback Sneak - Evading AV and Networks Detection (Page-211), Special Teams - Cracking, Exploits and Tricks (page-240), Two-Minute Drill - From Zero to Hero (Page-256). | ||
| 942 |
_2ddc _cBK |
||
| 999 |
_c590642 _d590642 |
||